Simposio internacional en producción animal y medio ambiente

Đã lưu trong:
Chi tiết về thư mục
Những tác giả chính: García Gómez, Fernando (autor), Cretton, Paola (Tác giả)
Định dạng: Sách
Ngôn ngữ:Tiếng Anh
Tiếng Tây Ban Nha
Được phát hành: Santiago Pontificia Universidad Católica de Chile 2001
Những chủ đề:
Các nhãn: Thêm thẻ
Không có thẻ, Là người đầu tiên thẻ bản ghi này!

MARC

LEADER 00000nam a2200000 a 4500
001 UCN9612
003 CL-VaPUC
005 20241115125352.0
008 011207e20010000cl 1 eng d
041 0 7 |a eng  |2 CL-VaPUC 
041 0 7 |a spa  |2 CL-VaPUC 
082 0 4 |a 636.2  |b GAR  |2 21 
100 |a García Gómez, Fernando  |e autor  |9 620049 
700 1 |a Cretton, Paola  |e author  |9 620050 
245 1 0 |a Simposio internacional en producción animal y medio ambiente 
260 |a Santiago  |b Pontificia Universidad Católica de Chile  |c 2001 
300 |a 559 p 
583 |a last modification  |c 20011207 00:00:00  |k Rodrigo Vera 
650 0 7 |a PRODUCCION ANIMAL  |2 CL-VaPUC  |9 620051 
650 0 0 |a Nutrición animal  |9 389503 
650 0 0 |a Medio ambiente  |9 257625 
650 0 7 |a CONTROL SANITARIO  |2 CL-VaPUC  |9 394606 
942 |c BK 
945 |a crobeson  |d 20011207 00:00:00 
546 |a En Inglés 
546 |a En Español 
536 |a Sociedad Chilena de Producción Animal 
518 |p Reunion Anual, 26, Santiago, 25 al 27 de julio de 2001 
999 |c 383737  |d 383735